Statistiques concernant Culture Générale - Série 1336

Cliquez ici pour prendre le quiz!

Statistiques générales

  • Ce quiz a été pris 35 fois
  • Le résultat moyen est 5 sur 10

Statistiques - réponses

QuestionRéponse% Correct
Sur quel pays du Maghreb la dynastie des Saadiens règna-t-elle de 1554 à 1659 ?Maroc
94%
Dans quel pays du Maghreb se trouve la ville de Tamanrasset ?Algérie
91%
Quel héros des "Mille et Une Nuits" doit faire face à quarante voleurs ?Ali Baba
91%
Quelle est la capitale de Chypre ?Nicosie
82%
Quelle rivière passe à Cahors ?Lot
67%
De quelle ville française Bernard Lavilliers est-il originaire ?Saint-Étienne
30%
Quel était le prénom du philosophe allemand Schopenhauer (1788-1860) ?Arthur
18%
Quel surnom du comte d'Anjou Geoffroi V, fut employé pour désigner la dynastie qui régna sur l'Angleterre de 1154 à 1485 ?Plantagenêt
15%
Quel astronaute, prénommé Alan, fut le premier Américain envoyé dans l'espace, le 5 mai 1961 ?Alan Shepard
12%
De quel écrivain Charlotte Corday était-elle l'arrière-petite-nièce ?Corneille
9%

Distribution des résultats

Percentile par nombre de réponses

% des personnes avec chaque résultat

Votre développement - résultats

Vous n’avez pas pris ce quiz